Mock the Week: Scenarios From Scenes We'd Like to See Quiz Stats

 Plays Quiz not verified by Sporcle

Score 0/87 Timer 12:00
0 Plays Today
% Correct
Unlikely Lines From the Final Harry Potter Book
82.2%
Commercials That Never Made It To Air
78.8%
Unlikely Things To Hear On a TV Talent Show
78%
Lines You Wouldn't Hear In a Sci-Fi Film
77.1%
Unlikely Lines To Hear In Disaster Movie
77.1%
Unlikely Thing For a TV Announcer To Say
76.3%
Unlikely Lines To Hear In An Episode of Dr. Who
76.3%
Lines You Wouldn't Hear In a Superhero Movie
76.3%
Questions That Were Rejected From This Year's Exams
75.4%
Lines That You'd Never Hear In a Bond Film
74.6%
Things You Wouldn't Hear In a Travel Documentary
74.6%
Unlikely Things To Hear on a Breakfast Show
74.6%
Things You Wouldn't Hear On a Driving Test
73.7%
Unlikely Lines To Hear On a Science Programme
73.7%
Things a Sport Commentator Would Never Say
73.7%
Unlikely Things To Hear On a Children's TV Programme
73.7%
Unlikely Lines To Read In The Bible
73.7%
Things You Wouldn't Hear From a Weather Forecaster
72.9%
Unlikely Things To Hear On a Consumer Programme
72.9%
Things a Wimbledon Commentator Would Never Say
72%
Bad Things To Say At a Job Interview
72%
Things You Didn't Hear At the Olympics
72%
Unlikely Things To Hear At An Award Ceremony
72%
TV Shows That Never Made It To Air
71.2%
Thing a Sports Commentator Would Never Say
71.2%
Things An Athletics Commentator Would Never Say
71.2%
Unlikely Things To Hear At The World Cup
71.2%
Unlikely Lines To Find In The Bible
70.3%
Things That Would Change the Atmosphere at a Dinner Party
70.3%
% Correct
Lines You Wouldn't Hear In a War Film
70.3%
Lines You Wouldn't Hear In a Horror Movie
70.3%
Unlikely Things To Hear On A TV Election Debate
70.3%
Bad Things To Say On a First Date
70.3%
Unlikely Letters To Be Read Out On Points of View
69.5%
Unlikely Things For Winter Olympics Commentator To Say
68.6%
What a TV Chef Would Never Say
68.6%
Unlikely Small Ads
68.6%
Unerving Things To Hear During a Medical Examination
68.6%
Unlikely Things To Hear On a Survival Show
68.6%
Things You Don't Want to Hear in Hospital
68.6%
Things You Won't Hear In a Gardening Programme
68.6%
Unlikely Lines To Hear In a TV Show
67.8%
Bad Things To Say At a Wedding
66.9%
Unlikely Letters To Television Channels
66.9%
Bad Thing To Say At Prime Minister's Question Time
66.1%
Unlikely Letters For An Agony Aunt To Receive
66.1%
Things You Wouldn't Hear On The Radio
66.1%
Discarded Titles For the Next Harry Potter Book
65.3%
The Worst Thing To Say When Running For U.S. President
65.3%
Excerpts From DVDs That Wouldn't Sell
65.3%
Things You're Unlikely To Hear On a Quiz Show
65.3%
Unlikely Things To Hear In a Fitness Video
65.3%
Unlikely Things To Hear At The Oscars
64.4%
Unlikely Excerpts From a Nature Documentary
64.4%
Bad Things To Hear On Opening the Door In The Middle of the Night
63.6%
Things You Won't Hear Your Sat Nav Say
63.6%
Unlikely Things To Hear On Blue Peter
62.7%
Lines You Wouldn't Hear In a Costume Drama
62.7%
% Correct
Unlikely Greetings Cards
62.7%
Bad Things To Say At The Opening of The New Wembley Stadium
61.9%
Bad Things To Hear From a Tour Guide
61.9%
The Wrong Thing To Say On Your First Day In The Army
61%
Things a New Pope Shouldn't Say In His First Public Speech
60.2%
Weird Things To See On a Road Sign
60.2%
Unsettling Things To Hear From The Cockpit of a Plane
59.3%
What a Rugby Commentator Would Never Say
59.3%
Things You Don't Want To Hear From Your Flatmate
59.3%
Words You'd Never Hear From a News Reader
56.8%
The Worst Thing Your New Neighbour Could Say
56.8%
Deleted Lines From Star Trek
56.8%
Things You Wouldn't Want To Hear At Work
55.9%
Bad Things To Say When Leading Troops Into Battle
55.1%
What the Voices in Tony Blair's Head Are Saying
54.2%
Bad Valentine Cards To Receive
52.5%
Unhelpful Things To Say In a Crisis
52.5%
Ill Advised Things To Say In Court
51.7%
Bad Things To Hear At The Pychiatrists
51.7%
Unlikely Thing To Read In a Political Memoir
51.7%
The Worst Thing To Hear On Holiday
50.8%
The Worst Person To Be Married To
50%
Unsettling Things To Hear In the White House
49.2%
Unlikey Things To Get Through Your Letterbox
49.2%
Famous Last Words
48.3%
Cliff Hanger Lines From a Political Soap Opera
43.2%
Things You'd Never Hear a French Person Say
37.3%
If Politicians Endorsed Products
35.6%
Improbable Things For Osama Bin Laden To Say On His Tapes
30.5%

You're not logged in!

Compare scores with friends on all Sporcle quizzes.
OR
Log In

You Might Also Like...

Show Comments

Extras

Created Jun 13, 2013ReportNominate
Tags:comedy, mock, panel, scenario, scene, UK Comedy, week

Top Quizzes Today


Score Distribution

Your Account Isn't Verified!

In order to create a playlist on Sporcle, you need to verify the email address you used during registration. Go to your Sporcle Settings to finish the process.

Report this User

Report this user for behavior that violates our Community Guidelines.

Details: